L'avènement de prométhée : essai de sociologie de notre temps /

Guardado en:
Bibliografiske detaljer
Hovedforfatter: Folliet, Joseph (autor)
Format: Bog
Sprog:fransk
Udgivet: Lyon, Francia : Chronique Sociale de France, 1951
Tags: Tilføj Tag
Ingen Tags, Vær først til at tagge denne postø!

MARC

LEADER 00000nam^a2200000^a^4500
001 000620943
005 20260220000000.0
009 20260310133849.959
037 |a Acervo ITESO - Biblioteca 
041 |a FRA 
091 |a FOB. 01489 
100 |a Folliet, Joseph  |e (autor) 
245 1 2 |a L'avènement de prométhée :  |b essai de sociologie de notre temps / 
264 1 |a Lyon, Francia :  |b Chronique Sociale de France,  |c 1951 
300 |a 220 p. 
336 |a texto  |b txt  |2 rdacontenido 
337 |a sin mediación  |b n  |2 rdamedio 
338 |a volumen  |b nc  |2 rdasoporte 
649 |a XX 
910 |a Fondo Carlos de Obeso Orendain 
920 |a Impresos - Libros 
930 |a Fondos Especiales 
905 |a 147 
901 |a 620943-10  |b IT2  |c ESL  |i D84014  |u 20250911 
902 |a https://opac.biblio.iteso.mx/vufind/Record/000620943